000 00211nam a2200097Ia 4500
008 240331s9999 xx 000 0 und d
082 _bWOM
100 _aJordans,E. ed
245 0 _aWomen in development
942 _cL
999 _c2798
_d2798